000
00329nam a2200121Ia 4500
008
231120s2018 xx 000 0 und d
041
_a
eng
082
_a
743.6
100
_a
HEATHER KILGOUR
245
_a
10 STEP DRAWING: ANIMALS DRAW 75 ANIMALS IN 10 EASY STEPS
260
_a
SEARCH PRESS
_b
SEARCH PRESS
_c
2018
300
_a
P-128
999
_c
933419
_d
933419